000 00291nam a22001097a 4500
082 _a629.2 NEW'M
100 _aSTEEDS, W,NEWTON, K
_977951
245 _aTHE MOTOR VEHICLES A TEXTBOOK FOR STUDENTS DRAUGHSMAN AND OWNER DRIVERS
260 _aLONDON
_bELBS
_c1978
300 _a719P
942 _cBK
999 _c583120
_d583120